El fideicomiso y los fondos sin personalidad jurd̕ica

Detalles Bibliográficos
Autor principal: Estrada Alonso, Eduardo
Formato: eBook
Lenguaje:español
Publicado: Madrid : Editorial Universitaria Ramn̤ Areces, 2010
Materias:
Acceso en línea:http://www.vlex.com/source/6930

MARC

LEADER 00000nam a22000007a 4500
005 20130117164249.0
007 cr|||| ||||
008 130117e2010 sp |||||s|||| 00||0 spa d
020 |a 978-84-8004-990-0 
035 |a 6930 
040 |a vLex 
090 |c 3530  |d 3530 
100 1 0 |a Estrada Alonso, Eduardo 
245 1 3 |a El fideicomiso y los fondos sin personalidad jurd̕ica  |h [Recurso electrn̤ico] 
256 |a Servicio en ln̕ea 
260 |a Madrid :  |b Editorial Universitaria Ramn̤ Areces,  |c 2010  
300 |a 1 Recurso electrn̤ico 
650 0 4 |a Fideicomiso 
650 0 4 |a Derecho tributario 
740 |a vLex Libros (Servicio en ln̕ea) 
856 |a Acceso restringido  |u http://www.vlex.com/source/6930 
942 |c BOOK 
999 |a Taxation